What is the 2nd largest city in country? - Statistics

General Stats
  • This quiz has been taken 43 times
  • The average score is 15 of 30
Answer Stats
Question Answer % Correct
What is the 2nd largest city in South Africa? Cape Town
100%
What is the 2nd largest city in Colombia? Medellín
100%
What is the 2nd largest city in Australia? Melbourne
100%
What is the 2nd largest city in Kenya? Mombasa
100%
What is the 2nd largest city in Serbia? Novi Sad
100%
What is the 2nd largest city in Russia? Saint Petersburg
100%
What is the 2nd largest city in Greece? Thessaloniki
100%
What is the 2nd largest city in South Korea? Busan
67%
What is the 2nd largest city in Sweden? Gothenburg
67%
What is the 2nd largest city in Mexico? Guadalajara
67%
What is the 2nd largest city in Brazil? Rio de Janeiro
67%
What is the 2nd largest city in Cuba? Santiago de Cuba
67%
What is the 2nd largest city in New Zealand? Wellington
67%
What is the 2nd largest city in Turkey? Ankara
33%
What is the 2nd largest city in Czech Republic? Brno
33%
What is the 2nd largest city in Argentina? Cordoba
33%
What is the 2nd largest city in Ethiopia? Dire Dawa
33%
What is the 2nd largest city in Austria? Graz
33%
What is the 2nd largest city in Nigeria? Kano
33%
What is the 2nd largest city in Ukraine? Kharkiv
33%
What is the 2nd largest city in USA? Los Angeles
33%
What is the 2nd largest city in Congo? Lubumbashi
33%
What is the 2nd largest city in France? Marseille
33%
What is the 2nd largest city in Uzbekistan? Namangan
33%
What is the 2nd largest city in Kazakhstan? Nur-Sultan
33%
What is the 2nd largest city in Indonesia? Surabaya
33%
What is the 2nd largest city in China? Beijing
0%
What is the 2nd largest city in Fiji? Lautoka
0%
What is the 2nd largest city in Iran? Mashhad
0%
What is the 2nd largest city in Tanzania? Mwanza
0%
No matching quizzes found
Score Distribution
Percent of People with Each Score
Percentile by Number Answered
Your Score History
You have not taken this quiz